| 000 | 00969nam a2200313 c 4500 | ||
|---|---|---|---|
| 001 | 635 | ||
| 003 | ES-MaCES | ||
| 005 | 20161115134404.0 | ||
| 008 | 941028s1992 sp ||| | spa d | ||
| 017 |
_aB. 29.027-1992 _bDL |
||
| 020 | _a8434420767 | ||
| 035 | _aCES19980006387m | ||
| 040 |
_aES-MaCES _bspa _cES-MaCES |
||
| 100 | 1 |
_aBarbancho, Alfonso G. _97052 |
|
| 245 | 1 | 0 |
_aEstadística teórica básica _b: probabilidad y modelos probabilísticos _cAlfonso G. Barbancho |
| 250 |
_a[1ª ed.] _b/ rev. por Manuel Delgado Cabeza |
||
| 260 |
_aBarcelona _bAriel _c1992 |
||
| 300 |
_a274 p. _c24 cm |
||
| 490 | 1 | _aAriel economía | |
| 541 | _cCompra | ||
| 650 | 4 |
_aprobabilidad _928887 |
|
| 650 | 4 |
_amétodo estadístico _929536 |
|
| 653 | 1 | 0 | _aCiencias Sociales-Políticas |
| 700 | 1 |
_aDelgado Cabeza, Manuel _ecol. _910508 |
|
| 830 | 0 |
_932204 _aAriel economía |
|
| 902 | _aLIB Libro | ||
| 942 |
_2CES _cBK _h7.0. |
||
| 999 |
_c635 _d635 |
||